Statistics for Landmarks Picture Quiz #1

Click here to take the quiz!

General Stats

  • This quiz has been taken 212,524 times
    (66,782 since last reset)
  • The average score is 13 of 18

Answer Stats

Answer % Correct
Statue of Liberty
97%
Egyptian Pyramids
95%
Great Wall of China
95%
Taj Mahal
91%
Stonehenge
90%
Eiffel Tower
89%
Leaning Tower of Pisa
88%
Colosseum
86%
Golden Gate Bridge
84%
Empire State Building
81%
Sydney Opera House
79%
Machu Picchu
67%
{Washington} Monument
64%
Mount Fuji
60%
{Brandenburg} Gate
50%
The Little Mermaid
44%
The Matterhorn
32%
{Sugarloaf} Mountain
24%

Score Distribution

Percentile by Number Answered

Percent of People with Each Score

Your Score History

You have not taken this quiz since the last reset